000 00306nam a2200121Ia 4500
008 191201s2005 xx 000 0 und d
100 _aHALVORSON, Michael
245 0 _aMicrosoft Visual Basic . NET Step by Step
260 _aN.Delhi
_bPHI
_c2005
300 _a648
650 _aB.Tech(CSE)
942 _2ddc
_cBK
999 _c1918
_d1918